Elements of Blue Economy / (Record no. 587720)
[ view plain ]
| 000 -LEADER | |
|---|---|
| fixed length control field | 00384nam a22001577a 4500 |
| 003 - CONTROL NUMBER IDENTIFIER | |
| control field | NUST |
| 020 ## - INTERNATIONAL STANDARD BOOK NUMBER | |
| International Standard Book Number | 9789694487878 |
| 038 ## - RECORD CONTENT LICENSOR | |
| Staff Name | waseem |
| 082 ## - DEWEY DECIMAL CLASSIFICATION NUMBER | |
| Classification number | 551.46 |
| Author Mark | RAO |
| 100 ## - MAIN ENTRY--PERSONAL NAME | |
| Personal name | Rao, Iftikhar Ahmed |
| 9 (RLIN) | 88649 |
| 245 ## - TITLE STATEMENT | |
| Title | Elements of Blue Economy / |
| Statement of responsibility, etc. | Iftikhar Ahmed Rao |
| 260 ## - PUBLICATION, DISTRIBUTION, ETC. | |
| Place of publication, distribution, etc. | Islamabad: |
| Name of publisher, distributor, etc. | IPS Press, |
| Date of publication, distribution, etc. | 2020. |
| 300 ## - PHYSICAL DESCRIPTION | |
| Extent | 288p. ; |
| Dimensions | 21 cm. |
| 563 ## - BINDING INFORMATION | |
| Binding note | PBK. |
| 942 ## - ADDED ENTRY ELEMENTS (KOHA) | |
| Source of classification or shelving scheme | |
| Koha item type | Book |
| Withdrawn status | Lost status | Source of classification or shelving scheme | Damaged status | Not for loan | Permanent Location | Current Location | Date acquired | Source of acquisition | Total Checkouts | Full call number | Barcode | Date last seen | Date last checked out | Price effective from | Koha item type |
|---|---|---|---|---|---|---|---|---|---|---|---|---|---|---|---|
| Central Library (CL) | Central Library (CL) | 01/26/2022 | Donated by Rector Secretariat | 1 | 551.46 RAO | CL-D-1440 | 02/16/2026 | 01/24/2026 | 01/26/2022 | Book |
